| 000 | 00548nam a22001577a 4500 | ||
|---|---|---|---|
| 003 | OSt | ||
| 005 | 20151130142647.0 | ||
| 008 | 151130b xxu||||| |||| 00| 0 eng d | ||
| 040 | _cRUA | ||
| 082 | _aFIS ឯក 1996 B163 Or.1 | ||
| 100 |
_94026 _aឯក ហេង |
||
| 245 | _aការបំប៉នកូនត្រីពូជក្នុងហាប៉ាក្នុងស្រុកស្វាយជ្រំ ខេត្តស្វាយរៀង | ||
| 260 |
_aPhnom Penh _bRUA _c1996 |
||
| 300 |
_a107p. _bill. _c29cm. |
||
| 942 |
_2ddc _cFIS |
||
| 999 |
_c3745 _d3745 |
||